Vista normal
Vista MARC
Entrada Topical Term
Número de registros utilizados en: 1
001 - CONTROL NUMBER
- control field: 7071
003 - CONTROL NUMBER IDENTIFIER
- control field: OSt
005 - DATE AND TIME OF LATEST TRANSACTION
- control field: 20200711223708.0
008 - FIXED-LENGTH DATA ELEMENTS
- fixed length control field: 200711|| aca||aabn | a|a d
040 ## - CATALOGING SOURCE
- Original cataloging agency: OSt
- Transcribing agency: OSt
150 ## - HEADING--TOPICAL TERM
- Topical term or geographic name entry element: Productos forestales
- Geographic subdivision: Región del Amazonas (Colombia)
670 ## - SOURCE DATA FOUND
- Source citation: Work cat.: (OSt)3894: Carrillo Bautista, Marcela Piedad, autor 7069, Los ingredientes naturales de la Amazonia colombiana : , ©2017